| 000 | 01549cam a22003857a 4500 | ||
|---|---|---|---|
| 003 | CHAP | ||
| 005 | 20220329141844.0 | ||
| 008 | 980310d1992 mx a r 00110 spa d | ||
| 010 | _a74861 | ||
| 011 | _a75833 | ||
| 035 | _a85403 | ||
| 040 | _cCHAP | ||
| 090 | _aTesis | ||
| 100 | 0 | 0 |
_aZamora Magdaleno, María del Carmen. _9123521 |
| 245 | 1 | 0 |
_aDiferenciación floral en durazno (Prunus persica L Batsh) C.V.S. Flordaprince y Flordagold bajo producción forzada en Uruapan, Mich. _c/por María del Carmen Zamora Magdaleno y María Guadalupe Zamora Magdaleno |
| 260 |
_aUruapan, Mich. : _bEl autor, _c1992. |
||
| 300 |
_a98 h. : _bilus. ; gráfs. |
||
| 502 | _aTesis (Ing. Agr. Parasitólogo; Fitomejorador) -- Universidad Michoacana de San Nicolás de Hidalgo. Facultad de Agrobiología Presidente Juárez | ||
| 590 |
_aALEPH _b10 _c20130110 _lUCH01 _h1421 |
||
| 590 |
_aBATCH-UPD _b10 _c20130110 _lUCH01 _h0028 |
||
| 590 |
_aBATCH-UPD _b10 _c20130110 _lUCH01 _h0549 |
||
| 590 |
_aBATCH-UPD _b10 _c20130110 _lUCH01 _h2353 |
||
| 590 |
_aBATCH-UPD _b10 _c20130409 _lUCH01 _h2009 |
||
| 590 |
_aBATCH-UPD _b10 _c20130410 _lUCH01 _h1057 |
||
| 590 |
_aBATCH-UPD _b10 _c20130914 _lUCH01 _h1224 |
||
| 590 |
_aCONVERSION _b10 _c20130109 _lUCH01 _h1341 |
||
| 650 | 1 | 4 |
_aDurazno _xFloración. _934600 |
| 650 | 1 | 4 |
_aDurazno _xVariedades. _934631 |
| 650 | 2 | 4 |
_aDurazno _xMichoacán. _934615 |
| 700 | 0 |
_aZamora Magdaleno, María Guadalupe. _9123522 |
|
| 901 | _aBK | ||
| 905 | _aGuadalupe Pinto C. | ||
| 942 | _cTESIS | ||
| 949 |
_bBC _cTES _d854031 _eTS1 _h32488 _i85403 _sb |
||
| 999 |
_c74861 _d74861 |
||